000
00298nam a2200133Ia 4500
005
20251222141835.0
008
251222s9999||||xx |||||||||||||| ||spa||
020
_a
84-8280-981-4
082
_a
843.8/M29
100
_a
Maupassant, Guy de
245
0
_a
Bel Ami
264
_b
Oveja Negra
942
_c
LIB
999
_c
7241
_d
7241